000 00538nam a2200217Ia 4500
003 OSt
005 20221007082425.0
006 a|||||r|||| 00| 0
007 ta
008 221006b |||||||| |||| 00| 0 eng d
024 _a7,659
037 _cTextual
040 _aFLL
_cFLL
_beng
041 _2eng
_aeng
082 _aV2:248:N78t, L9
245 0 _aFrist annual report of the minorities commission
260 _c1979
300 _a96p
_ccm.
942 _hV2:248:N78t, L9
_cTEXL
_2CC
999 _c1166372
_d1166372